Der maler Rudolf Rapaport (Record no. 9088)

MARC details
000 -CABECERA
campo de control de longitud fija 00685nam a2200217 a 4500
001 - NÚMERO DE CONTROL
campo de control BRL_275
005 - FECHA Y HORA DE LA ÚLTIMA TRANSACCIÓN
campo de control 20190320210651.0
008 - DATOS DE LONGITUD FIJA--INFORMACIÓN GENERAL
campo de control de longitud fija 751210s1933####au-a######---#000-0#ger-#
041 ## - CÓDIGO DE LENGUA
Código de lengua del texto/banda sonora o título independiente ger
044 ## - CÓDIGO DEL PAÍS DE LA ENTIDAD EDITORA/PRODUCTORA
Código MARC del país au
050 #4 - SIGNATURA TOPOGRÁFICA DE LA BIBLIOTECA DEL CONGRESO
Número de clasificación ND538.R3
Número de documento/Ítem .P65 1933
100 1# - ENTRADA PRINCIPAL--NOMBRE DE PERSONA
Nombre de persona Pollatschek, Stefan,
Fechas asociadas al nombre 1890-
9 (RLIN) 23433
245 10 - MENCIÓN DE TÍTULO
Título Der maler Rudolf Rapaport
Resto del título das überwirkliche im porträt
Mención de responsabilidad, etc. eine studie von Stefan Pollatschek.
260 ## - PUBLICACIÓN, DISTRIBUCIÓN, ETC.
Lugar de publicación, distribución, etc. [Viena]
Nombre del editor, distribuidor, etc. Wiener Buch- und Kunstverlag
Fecha de publicación, distribución, etc. 1933
300 ## - DESCRIPCIÓN FÍSICA
Extensión 64 p.
Otras características físicas il., 32 láminas
Dimensiones 19 cm.
500 ## - NOTA GENERAL
Nota general Estado físico: presenta rasgadura en la página 19
500 ## - NOTA GENERAL
Nota general Au2296
600 14 - PUNTO DE ACCESO ADICIONAL DE MATERIA--NOMBRE DE PERSONA
Nombre de persona Rapaport, Rudolf
Fechas asociadas al nombre 1891-1984
9 (RLIN) 23434
902 ## - CATALOGADOR
Iniciales GRL
942 ## - ELEMENTOS DE PUNTO DE ACCESO ADICIONAL (KOHA)
Fuente del sistema de clasificación o colocación Library of Congress Classification
Tipo de ítem Koha Libros
Holdings
Estado de retiro Estado de pérdida Estado dañado No para préstamo Localización permanente Ubicación/localización actual Fecha de adquisición Número de inventario Total de préstamos Signatura topográfica completa Código de barras Fecha visto por última vez Precio válido a partir de Tipo de ítem Koha
El ejemplar forma parte de la colección y puede ser consultado según las políticas vigentes.       Biblioteca Centro de Estudios Ruth D. Lechuga Biblioteca Centro de Estudios Ruth D. Lechuga 17/07/2013 Au2296   ND538.R3 .P65 1933 (Au2296) GRL00290 22/03/2019 22/03/2019 Libros